000 00940nab a22002297a 4500
999 _c5421
_d5421
003 OSt
005 20250403125629.0
008 190506c xxu||||| |||| 00| 0 spa d
040 _cPJ
100 _96441
_aCalandra, Fernando Alfredo
245 1 3 _aEl período de prueba (art. 92 bis LCT) en la Ley de Bases /
_cFernando Alfredo Calandra.
260 _aBuenos Aires :
_bAbeledoPerrot,
_c2025.
300 _ap. 9-14
500 _aTR LALEY AR/DOC/3315/2024
505 _aSumario: I. Introducción.— II. Desarrollo.— III. Conclusión.— IV. Bibliografía.
505 _t¿Te interesa el texto completo? Comunicate al correo: koha@justierradelfuego.gov.ar
650 0 _91316
_aDERECHO LABORAL
650 0 _91323
_aCONTRATO DE TRABAJO
650 0 _91383
_aLEY DE CONTRATO DE TRABAJO
773 0 _02751
_93202
_dBuenos Aires : AbeledoPerrot, 2013-
_tRevista de derecho laboral y seguridad social. Nº 3 - Febrero 2025
942 _2udc
_cANA